000 00949nam a2200253Ia 4500
003 OSt
005 20220923225013.0
006 a|||||r|||| 00| 0
007 ta
008 220922b |||||||| |||| 00| 0 hin d
024 _a255,065
037 _cTextual
040 _aARTS
_cARTS
_bhin
041 _2hin
_ahin
082 _aX, 152M0
100 _aसेठ, अशोक; गुप्ता, बी0 एल0
_9168298
245 0 _aआर्थिक प्रणालियां तथा व्यष्टि - अर्थशास्त्र
246 _aĀrthik praṇāliyāan tathā vyaṣhṭi - arthashāstra
260 _aदिल्ली
_b खोसला पब्लिशिंग हाउस
_c1980
300 _a404पृ.
_ccm.
650 _aअर्थशास्त्र
942 _hX, 152M0
_cTEXL
_2CC
999 _c375342
_d375342